000 00654nam a2200217Ia 4500
003 OSt
005 20250218115749.0
008 210210b1999 xxu||||| |||| 00| 0 eng d
040 _cAL
041 _aKannada
082 _aK894.209 JAYL
100 _aJAYAPRAKASHA MAVINAKULI.
_9138777
_d ಜಯಪ್ರಕಾಶ ಮಾವಿನಕುಳಿ
245 _aLankeshara natakagalu.
_bಲಂಕೇಶರ ನಾಟಕಗಳು
260 _aPutturu.
_bKarnataka Sangha
_c1999
300 _aviii,106
650 _anatakagalu.
_9138778
650 _aLankeshara
_9138779
690 _aKannada Drama Criticism
_9138780
906 _a054773
942 _2ddc
_cBK
999 _c102742
_d102742